History Quiz

Random History or Clickable Quiz

Famous Women of the 20th Century Quiz Stats

 Plays Quiz Updated Oct 24, 2018

Challenge
Share
Tweet
Embed
Score 0/30 Timer 06:00
21 Plays Today
% Correct
Anne Frank
95.9%
Coco Chanel
95%
Oprah Winfrey
94.9%
Rosa Parks
94.5%
Amelia Earhart
94.2%
Jiang Qing
93.9%
Bonnie Parker
93.8%
Diana, Princess of Wales
93.4%
Agatha Christie
93.2%
Marie Curie
93.1%
Hillary Clinton
92%
Marilyn Monroe
92%
Indira Gandhi
91.2%
Queen Elizabeth II
90.5%
Mother Teresa
89.9%
% Correct
Helen Keller
89.1%
Margaret Thatcher
89.1%
Angela Merkel
89%
Aretha Franklin
88.7%
Eva Perón
88%
Jacqueline Kennedy Onassis
87%
Madonna
86.8%
Annie Oakley
86.1%
Frida Kahlo
85.3%
Julia Child
85.1%
Lucille Ball
83.7%
Corazon Aquino
83.4%
Golda Meir
83.2%
Grace Kelly
82.8%
Eleanor Roosevelt
81.6%

You're not logged in!

Compare scores with friends on all Sporcle quizzes.
OR
Log In

You Might Also Like...

Show Comments

Extras

Top Quizzes Today


Score Distribution

Your Account Isn't Verified!

In order to create a playlist on Sporcle, you need to verify the email address you used during registration. Go to your Sporcle Settings to finish the process.

Report this User

Report this user for behavior that violates our Community Guidelines.

Details: